Herbstein & Van Winsen The Civil Practice of the Supreme Court of South Africa / (Record no. 37)

MARC details
000 -LEADER
fixed length control field 00627nam a22001817a 4500
005 - DATE AND TIME OF INPUT
control field 20231025070708.0
008 - DATA ELEMENTS--GENERAL INFORMATION
fixed length control field 231025b |||||||| |||| 00| 0 eng d
020 ## - INTERNATIONAL STANDARD BOOK NUMBER
International Standard Book Number 0702129909
041 ## - LANGUAGE CODE
Language code of text English
082 ## - SHELF NUMBER
DDC number 347.1 HER
100 ## - MAIN AUTHOR
Main author's name Van Winsen LDV, Cilliers AC and Loots C
Language of a work English
245 ## - TITLE STATEMENT
Title Herbstein & Van Winsen The Civil Practice of the Supreme Court of South Africa /
Statement of responsibility, etc. LDV Van Winsen, AC Cilliers and C Loots
250 ## - EDITION STATEMENT
Edition statement Fourth Edition
260 ## - PUBLICATION, DISTRIBUTION, ETC.
Place of publication, distribution, etc. Cape Town :
Name of publisher, distributor, etc. Juta & Co, Ltd,
Date of publication, distribution, etc. 1997
300 ## - PHYSICAL DESCRIPTION
Other physical details ccxlvi, 1268 pages ;
Dimensions 26 cm.
650 ## - SUBJECT`
Broad subject Legal practice
Own subject terms Law
942 ## - ADDED ENTRY ELEMENTS (KOHA)
Item type Books
942 ## - ADDED ENTRY ELEMENTS (KOHA)
-- ALISON_BN_VRIES
Holdings
Source of classification or shelving scheme Not for loan Collection code Home library Current library Shelving location Date acquired Full call number Barcode Price effective from Koha item type
Dewey Decimal Classification   TEXT BOOKS LAW SOCIETY OF NAMIBIA LIBRARY - WINDHOEK LAW SOCIETY OF NAMIBIA LIBRARY - WINDHOEK Civil Procedure and Court 10/25/2023 347.1 HER LSN/1997/25 10/25/2023 Books